| 000 | 00349nam a2200145Ia 4500 | ||
|---|---|---|---|
| 008 | 230917s9999||||xx |||||||||||||| ||und|| | ||
| 040 |
_e86090 _aMAIN |
||
| 041 | _aEnglish | ||
| 082 | _a942.07 B978C | ||
| 100 | _aButler, William F | ||
| 245 | 0 | _aCharles george gordon | |
| 260 |
_aLondon _bMacmillan _c1920 |
||
| 300 | _avi, 255 p. | ||
| 942 | _cBK | ||
| 999 |
_c203499 _d203499 |
||